01305nam a2200325Ia 4500001001200000003000800012006001900020007001500039008004100054010001700095020003900112020003800151020002600189040002100215035002100236050002700257082002500284100003100309245009800340260006200438300001600500504005100516533015200567650004000719651003100759655002900790710001700819856012600836999001700962ebr10618072CaPaEBRm u cr cn|||||||||120417s2012 cau sb 001 0 eng d z 2012015835 z9780804776004 (cloth : alk. paper) z9780804776011 (pbk. : alk. paper) z9780804784801 (ebook) aCaPaEBRcCaPaEBR a(OCoLC)81604130714aU264.5.P18bK43 2012eb04a623.4/51190954912231 aKhan, Feroz Hassan,d1952-10aEating grassh[electronic resource] :bthe making of the Pakistani bomb /cFeroz Hassan Khan. aStanford, California :bStanford University Press,c2012. axxv, 520 p. aIncludes bibliographical references and index. aElectronic reproduction.bPalo Alto, Calif. :cebrary,d2011.nAvailable via World Wide Web.nAccess may be limited to ebrary affiliated libraries. 0aNuclear weaponszPakistanxHistory. 0aPakistanxMilitary policy. 7aElectronic books.2local2 aebrary, Inc.40uhttp://site.ebrary.com/lib/rucke/Doc?id=10618072zAn electronic book accessible through the World Wide Web; click to view c54878d54878